Siglo y medio de codificación penal en Iberoamérica / (Record no. 127741)
[ view plain ]
| 000 -LEADER | |
|---|---|
| campo de control de longitud fija | 00443nam a2200133 4500 |
| 001 - NÚMERO DE CONTROL | |
| campo de control | 127741 |
| 003 - IDENTIFICADOR DE NÚMERO DE CONTROL | |
| campo de control | ES-MaACL |
| 007 - CAMPO FIJO DE DESCRIPCIÓN FÍSICA--INFORMACIÓN GENERAL | |
| campo de control de longitud fija | t| |
| 008 - DATOS DE LONGITUD FIJA--INFORMACIÓN GENERAL | |
| campo de control de longitud fija | 070214s1980 cl r ||||1| spa d |
| 100 1# - ENTRADA PRINCIPAL--NOMBRE DE PERSONA | |
| Nombre de persona | Rivacoba y Rivacoba, Manuel de. |
| 9 (RLIN) | 97535 |
| 245 10 - MENCIÓN DEL TÍTULO | |
| Título | Siglo y medio de codificación penal en Iberoamérica / |
| Mención de responsabilidad, etc. | Manuel de Rivacoba y Rivacoba, Eugenio Raúl Zaffaroni. |
| 700 1# - ENTRADA AGREGADA--NOMBRE PERSONAL | |
| Nombre de persona | Zaffaroni, Eugenio Raúl. |
| 9 (RLIN) | 117826 |
| 852 ## - LOCALIZACIÓN | |
| Ubicación | ES-MaACL |
| Número de control de estantería | L-966 |
| Sublocalización o colección | R.101168 |
| Estatus retirado | Estado de pérdida | Estado de daño | No para préstamo | Biblioteca de origen | Biblioteca actual | Ubicación en estantería | Fecha de adquisición | Fuente de adquisición | Total de préstamos | Signatura topográfica completa | Código de barras | Visto por última vez | Precio de reemplazo | Tipo de ítem Koha |
|---|---|---|---|---|---|---|---|---|---|---|---|---|---|---|
| Biblioteca del Ateneo de Madrid | Biblioteca del Ateneo de Madrid | Depósito 2 | 17/01/2008 | L-966 | 1133049 | 23/02/2023 | 23/02/2023 | Libro impreso |
